| 000 -LEADER |
| fixed length control field |
00929nam a22002177a 4500 |
| 005 - DATE AND TIME OF LATEST TRANSACTION |
| control field |
20240417153650.0 |
| 008 - FIXED-LENGTH DATA ELEMENTS--GENERAL INFORMATION |
| fixed length control field |
240417s2006 enk||||| |||| 00| 0 eng d |
| 020 ## - INTERNATIONAL STANDARD BOOK NUMBER |
| International Standard Book Number |
9780198526193x |
| 041 ## - LANGUAGE CODE |
| Language code of text/sound track or separate title |
eng |
| 080 ## - UNIVERSAL DECIMAL CLASSIFICATION NUMBER |
| Universal Decimal Classification number |
616.31-089 E-80 |
| 245 ## - TITLE STATEMENT |
| Title |
Essential Skills for Dentists / |
| Statement of responsibility, etc. |
Editors Peter Mossey, Gareth Holsgrove, David Stirrups, Elizabeth Davenport, |
| 264 ## - PRODUCTION, PUBLICATION, DISTRIBUTION, MANUFACTURE, AND COPYRIGHT NOTICE |
| Place of production, publication, distribution, manufacture |
Oxford : |
| Name of producer, publisher, distributor, manufacturer |
Oxford University Press, |
| Date of production, publication, distribution, manufacture, or copyright notice |
2006. |
| 300 ## - PHYSICAL DESCRIPTION |
| Extent |
526 p.: |
| Other physical details |
ill.; |
| Dimensions |
24 cm. |
| 653 ## - INDEX TERM--UNCONTROLLED |
| keyword |
აუცილებელი უნარები სტომატოლოგებისთვის |
| 653 ## - INDEX TERM--UNCONTROLLED |
| keyword |
მედიცინა |
| 700 ## - ADDED ENTRY--PERSONAL NAME |
| Personal name |
Mossey, Peter |
| Relator term |
რედაქტორი |
| 9 (RLIN) |
21833 |
| 700 ## - ADDED ENTRY--PERSONAL NAME |
| Personal name |
Holsgrove, Gareth |
| Relator term |
რედაქტორი |
| 9 (RLIN) |
21834 |
| 700 ## - ADDED ENTRY--PERSONAL NAME |
| Personal name |
Stirrups, David |
| Relator term |
რედაქტორი |
| 9 (RLIN) |
21835 |
| 700 ## - ADDED ENTRY--PERSONAL NAME |
| Personal name |
Davenport, Elizabeth |
| Relator term |
რედაქტორი |
| 9 (RLIN) |
21836 |
| 942 ## - ADDED ENTRY ELEMENTS (KOHA) |
| Source of classification or shelving scheme |
|
| Koha item type |
წიგნი |